Add MS 23121

Description: Contents include: f.2. The Earl of Middleton to Charles II, London, January 5, 1664. His resignation of "the offices of Captain generall of your Majestie's kingdome of Scotland, and of captain and keeper of your Majestie's Castle of Edinburgh..." Rothes succeeds Midd...

Full description

Bibliographic Details
Corporate Author: Adam Matthew Digital (Firm) (digitiser.)
Format: eBook
Language:English
Published: Marlborough, Wiltshire : Adam Matthew Digital, 2019.
Series:AM Scholar: Medieval and Early Modern Studies.
Subjects:
Online Access:Connect to the full text of this electronic book

MARC

Tag First Indicator Second Indicator Subfields
LEADER 00000cam a2200000Mi 4500
001 in00005487721
006 m o u
007 cr |n|---uuuuu
008 190530s2019 enk o ||| 0 eng d
005 20240917182205.8
035 |a (OCoLC)on1149318668 
040 |a UKAMD  |b eng  |c UKAMD  |d OCLCO 
035 |a (OCoLC)1149318668 
049 |a TXAM 
245 0 0 |a Add MS 23121  |g 1664/01-1664/03. 
264 1 |a Marlborough, Wiltshire :  |b Adam Matthew Digital,  |c 2019. 
300 |a 1 online resource. 
336 |a text  |b txt  |2 rdacontent 
337 |a computer  |b c  |2 rdamedia 
338 |a online resource  |b cr  |2 rdacarrier 
490 1 |a AM Scholar: Medieval and Early Modern Studies. 
520 8 |a Description: Contents include: f.2. The Earl of Middleton to Charles II, London, January 5, 1664. His resignation of "the offices of Captain generall of your Majestie's kingdome of Scotland, and of captain and keeper of your Majestie's Castle of Edinburgh..." Rothes succeeds Middleton in these offices; a triumph for Lauderdale. Middleton later became Governor of Tangiers.; f.6. The Earl of Rothes to the Earl of Lauderdale, January the 7, 1664.; f.29. Lord Balcarres to the Earl of Lauderdale, Balcarres, January 23, 1664.; f.53. Lord Belllenden to the Earl of Lauderdale, Edinburgh, 20 February, 1664. 
534 |p Reproduction of:  |t Add MS 23121  |c Jan - Mar 1664. 
535 1 |a The British Library 
542 |f The British Library Board 
588 0 |a Description based on online resource (viewed on May 30, 2019). 
655 7 |a Electronic books.  |2 local 
710 2 |a Adam Matthew Digital (Firm),  |e digitiser. 
830 0 |a AM Scholar: Medieval and Early Modern Studies. 
856 4 0 |u http://proxy.library.tamu.edu/login?url=https://www.amscholar.amdigital.co.uk/Documents/Details/CS_Series3_Reel2_Vol4  |z Connect to the full text of this electronic book  |t 0 
955 |a Adam Matthew Scholar Medieval and Early Modern Studies 
994 |a 92  |b TXA 
999 f f |s 38e02718-4982-4c72-8f57-4eaf82f86b75  |i 626ec0e7-5c01-4b22-b037-7e51614c8773  |t 0 
952 f f |a Texas A&M University  |b College Station  |c Electronic Resources  |d Available Online  |t 0  |h Library of Congress classification 
998 f f |t 0  |l Available Online